000
00254nam a22001097a 4500
082
_a
600 BOW'S
100
_a
BOWEN, HAROLD G. VICE
_9
57715
245
_a
A SHORT HISTORY OF TECHNOLOGY
260
_a
NEWJERSCY
_b
THOMAS
_c
1954
300
_a
118P
942
_c
BK
999
_c
567984
_d
567984